Związki pomiędzy komponentami środowiska geograficznego w Krainie Wielkich Jezior Mazurskich
| Titel: | Związki pomiędzy komponentami środowiska geograficznego w Krainie Wielkich Jezior Mazurskich |
|---|---|
| Verfasser: | |
| In: |
Przegla̜d geograficzny, Band 53, Heft 2 (1981), Seite 359-370 alle Artikel anzeigen |
| Veröffentlicht: | 1981 |
| Format: | Aufsatz |
| Sprache: | Polnisch |
X
alg: 39193211 001A $01999:11-11-16 001B $01999:12-03-21 $t19:05:49.000 001C $06050:19-11-16 $t08:53:25.000 001D $01999:11-11-16 001U $0utf8 001X $00 002@ $0Aox 003@ $039193211X 007A $039193211X $aHEB 007T $0Herd18928 010@ $apol 011@ $a1981 021A $aZwiązki pomiędzy komponentami środowiska geograficznego w Krainie Wielkich Jezior Mazurskich 028A $aRichling $dAndrzej 031A $d53 $e2 $h359-370 $j1981 037A $aruss. Res. 369; engl. Res. 369-370: Interdependences between the components of the geographical environment in the Great Masurian Lake District 039B $aIn $8--Abvc--. Przegla̜d geograficzny. - Warszawa : Państwowe Wydawn. Naukowe, 1918-. - ISSN 0033-2143 $x198100000530002641 $9047308648 045F $a911.4382 $eDDC23BSB 045F/01 $a911 045F/03 $g4382 045F/03 $g43832 045T $a14 lok: 39193211 78 exp: 39193211 78 1 #EPN 201B/01 $010-09-18 $t22:47:43.000 201U/01 $0utf8 203@/01 $0788027948 208@/01 $a11-11-16 $be 209A/01 $a/ $f000 $x00 220C/01 $aTitelaufnehmer: kl 244Z/01 $2Trx $#Prusy Wschodnie i Zachodnie $8--Trx--Ost- und Westpreußen $x01 $939113373X 244Z/01 $#Mazury $74037914-0 $8--Tg1--Masuren $x02 $9085103527 244Z/01 $2Trx $#keskkond, looduslik $#natūrali aplinka $#Environment, natural $#környezet, természetes $#środowisko naturalne $#prírodné prostredie $#prostředí přírodní $#Landschaft $#krajobraz $#krajina $#krajina $8--Trx--Umwelt, natürliche $x03 $9391354744 244Z/01 $2Trx $8--Trx--Zeitschriftenaufsatz $x04 $9391384341 245Z/01 $a13.02 $x01 245Z/01 $a02 $x02 247C/01 $82080>Marburg/Lahn, Herder-Institut, Forschungsbibliothek, Bibliographieportal $9336309341
| LEADER | 00000caa a22000002c 4500 | ||
|---|---|---|---|
| 001 | 39193211X | ||
| 003 | DE-603 | ||
| 005 | 20210312190549.0 | ||
| 007 | tu | ||
| 008 | 161111s1981 xx |||| | u00||u|pol c | ||
| 035 | |a (DE-599)HEB39193211X | ||
| 040 | |a DE-603 |b ger |c DE-603 |d DE-603 | ||
| 041 | |a pol | ||
| 082 | 0 | 4 | |8 1\u |a 911.4382 |q DE-101 |2 23/BSB |
| 084 | |a 14 |2 ssgn | ||
| 085 | |8 1\u |b 911 | ||
| 085 | |8 1\u |z 2 |s 4382 | ||
| 085 | |8 1\u |z 2 |s 43832 | ||
| 100 | 1 | |a Richling, Andrzej | |
| 245 | 0 | 0 | |a Związki pomiędzy komponentami środowiska geograficznego w Krainie Wielkich Jezior Mazurskich |
| 264 | 0 | |c 1981 | |
| 500 | |a russ. Res. 369; engl. Res. 369-370: Interdependences between the components of the geographical environment in the Great Masurian Lake District | ||
| 773 | 0 | 8 | |i In |t Przegla̜d geograficzny |d Warszawa : Państwowe Wydawn. Naukowe, 1918- |x 0033-2143 |g Band 53, Heft 2 (1981), Seite 359-370 |w (DE-603)047308648 |w (DE-600)209415-0 |
| 924 | 0 | |9 2080 |a (DE-603)788027948 |b DE-2080 |c HES |d d |g / | |


